|
|
|
|
| LEADER |
04058nam a22003853i 4500 |
| 001 |
EBC6798965 |
| 003 |
MiAaPQ |
| 005 |
20231204023219.0 |
| 006 |
m o d | |
| 007 |
cr cnu|||||||| |
| 008 |
231204s2020 xx o ||||0 eng d |
| 020 |
|
|
|a 9789633863701
|q (electronic bk.)
|
| 035 |
|
|
|a (MiAaPQ)EBC6798965
|
| 035 |
|
|
|a (Au-PeEL)EBL6798965
|
| 035 |
|
|
|a (OCoLC)1289373234
|
| 040 |
|
|
|a MiAaPQ
|b eng
|e rda
|e pn
|c MiAaPQ
|d MiAaPQ
|
| 050 |
|
4 |
|a HN380.7.A8M34 2020
|
| 100 |
1 |
|
|a Magyar, Bálint.
|
| 245 |
1 |
4 |
|a The Anatomy of Post-Communist Regimes :
|b A Conceptual Framework.
|
| 250 |
|
|
|a 1st ed.
|
| 264 |
|
1 |
|a Budapest :
|b Central European University Press,
|c 2020.
|
| 264 |
|
4 |
|c {copy}2020.
|
| 300 |
|
|
|a 1 online resource (840 pages)
|
| 336 |
|
|
|a text
|b txt
|2 rdacontent
|
| 337 |
|
|
|a computer
|b c
|2 rdamedia
|
| 338 |
|
|
|a online resource
|b cr
|2 rdacarrier
|
| 505 |
0 |
|
|a Cover -- Front Matter -- title page -- copyright page -- Table of contents -- List of Tables and Figures -- Acknowledgments -- Reader's Manual for QR codes -- Preface -- Introduction -- 1. Stubborn Structures -- 1.1. Guide to the Chapter -- 1.2. Thesis A: Regime Type Depends on the Separation of Spheres of Social Action -- 1.3. Thesis B: The Separation of Spheres Followed Civilizational Boundaries -- 1.4. Thesis C: Communist Dictatorships Arrested and Reversed the Separation of Spheres -- 1.5. Thesis D: Democratization Did Not Change the Separation of Spheres -- 1.6. Beyond Hybridology: A Triangular Conceptual Space of Regimes -- 2. State -- 2.1. Guide to the Chapter -- 2.2. General Definitions: The Basic Concepts of the Framework -- 2.3. The Dominant Principle of State Functioning -- 2.4. Conceptualization of States Running on Elite Interest -- 2.5. Challenges to the Monopoly of Violence -- 2.6. The Invisible Hand and the Grabbing Hand: A Comparative Framework for State Types -- 3. Actors -- 3.1. Guide to the Chapter -- 3.2. The Three Spheres of Social Action -- 3.3. Political Actors in the Three Polar Type Regimes -- 3.4. Economic Actors in the Three Polar Type Regimes -- 3.5. Communal Actors in the Three Polar Type Regimes -- 3.6. A Ruling Elite of Colluding Spheres: The Adopted Political Family -- 3.7. The Structure of Elites in the Six Ideal Type Regimes -- 4. Politics -- 4.1. Guide to the Chapter -- 4.2. Civil Legitimacy and the Interpretation of the Common Good -- 4.3. The Institutions of Public Deliberation in the Three Polar Type Regimes -- 4.4. Defensive Mechanisms: Stability, Erosion, and the Strategies of Consolidating Democracies andAutocracies -- 5. Economy -- 5.1. Guide to the Chapter -- 5.2. Relational Economics as a Challenger of the Neoclassical Synthesis -- 5.3. Relation -- 5.4. State Intervention -- 5.5. Ownership.
|
| 505 |
8 |
|
|a 5.6. Comparative Economic Systems -- 6. Society -- 6.1. Guide to the Chapter -- 6.2. The Level of Social Structures: Networks and Societal Patronalization -- 6.3. The Stability of Power and Mass Political Persuasion -- 6.4. The Level of Discourses: Ideology and the Political Market -- 6.5. Modalities of Informal Governance: A Summary -- 7. Regimes -- 7.1. Guide to the Chapter -- 7.2. The Triangular Framework: Defining the Six Ideal Type Regimes -- 7.3. Regime Dynamics: A Typology with Modelled Trajectories of Twelve Post-Communist Countries -- 7.4. Beyond Regime Specificities: Country and Policy-Specific Features -- Conclusion -- Bibliography -- Index -- Back cover.
|
| 588 |
|
|
|a Description based on publisher supplied metadata and other sources.
|
| 590 |
|
|
|a Electronic reproduction. Ann Arbor, Michigan : ProQuest Ebook Central, 2023. Available via World Wide Web. Access may be limited to ProQuest Ebook Central affiliated libraries.
|
| 655 |
|
4 |
|a Electronic books.
|
| 700 |
1 |
|
|a Madlovics, Bálint.
|
| 776 |
0 |
8 |
|i Print version:
|a Magyar, Bálint
|t The Anatomy of Post-Communist Regimes
|d Budapest : Central European University Press,c2020
|
| 797 |
2 |
|
|a ProQuest (Firm)
|
| 856 |
4 |
0 |
|u https://ebookcentral.proquest.com/lib/matrademy/detail.action?docID=6798965
|z Click to View
|